|
|
|
|
| LEADER |
01804nam a22003854a 4500 |
| 001 |
EBC227389 |
| 003 |
MiAaPQ |
| 005 |
20200520144314.0 |
| 006 |
m o d | |
| 007 |
cr cn||||||||| |
| 008 |
041029s2005 njua s 001 0 eng |
| 010 |
|
|
|z 2004025827
|
| 020 |
|
|
|z 047148721X (cloth)
|
| 035 |
|
|
|a (MiAaPQ)EBC227389
|
| 035 |
|
|
|a (Au-PeEL)EBL227389
|
| 035 |
|
|
|a (CaPaEBR)ebr10114188
|
| 035 |
|
|
|a (CaONFJC)MIL25518
|
| 035 |
|
|
|a (OCoLC)304076646
|
| 040 |
|
|
|a MiAaPQ
|c MiAaPQ
|d MiAaPQ
|
| 050 |
|
4 |
|a HG4028.V3
|b F44 2005
|
| 082 |
0 |
4 |
|a 658.15/92
|2 22
|
| 100 |
1 |
|
|a Feldman, Stanley J.
|
| 245 |
1 |
0 |
|a Principles of private firm valuation
|h [electronic resource] /
|c Stanley J. Feldman.
|
| 260 |
|
|
|a Hoboken, N.J. :
|b John Wiley & Sons,
|c c2005.
|
| 300 |
|
|
|a x, 179 p. :
|b ill.
|
| 490 |
1 |
|
|a Wiley finance
|
| 500 |
|
|
|a Includes bibliographical references and index.
|
| 500 |
|
|
|a Series statment on jacket.
|
| 505 |
0 |
|
|a The value of fair market value -- Creating and measuring the value of private firms -- The restructuring of frier manufacturing -- Valuation models and metrics : discounted free cash flow and the method of multiples -- Estimating the cost of capital -- The value of liquidity : estimating the size of the liquidity discount -- Estimating the value of control -- Taxes and firm value --Valuation and financial reports : the case of measuring goodwill impairment.
|
| 533 |
|
|
|a Electronic reproduction. Ann Arbor, MI : ProQuest, 2015. Available via World Wide Web. Access may be limited to ProQuest affiliated libraries.
|
| 650 |
|
0 |
|a Small business
|x Valuation.
|
| 655 |
|
4 |
|a Electronic books.
|
| 710 |
2 |
|
|a ProQuest (Firm)
|
| 830 |
|
0 |
|a Wiley finance series.
|
| 856 |
4 |
0 |
|u https://ebookcentral.proquest.com/lib/matrademy/detail.action?docID=227389
|z Click to View
|